[Event "V. Korchnoi Memorial 2019"]
[Site "St. Petersburg"]
[Date "2019.08.21"]
[Round "8.8"]
[White "Gubajdullin, Alexei"]
[Black "Hamitevici, Vladimir"]
[Result "0-1"]
[WhiteElo "2331"]
[BlackElo "2480"]
[Annotator "ChessBase"]
[PlyCount "98"]
[EventDate "2019.08.13"]
[EventType "swiss"]
[EventCountry "RUS"]
[SourceTitle "playchess.com"]
[Source "ChessBase"]
[SourceQuality "1"]
[TimeControl "5400+30"]

1. d4 {[%emt 0:00:00]} c5 {[%emt 0:03:03]} 2. c3 {[%emt 0:00:32]} Nf6 {[%emt 0:00:31]} 3. Nf3 {[%emt 0:00:10]} g6 {[%emt 0:03:17]} 4. dxc5 {[%emt 0:05:23]} Bg7 {[%emt 0:00:43]} 5. Bf4 {[%emt 0:02:46]} O-O {[%emt 0:05:38]} 6. Nbd2 {[%emt 0:02:42]} Nc6 {[%emt 0:04:42]} 7. e4 {[%emt 0:02:12]} b6 {[%emt 0:04:07]} 8. cxb6 {[%emt 0:01:39]} Qxb6 {[%emt 0:00:01]} 9. Nc4 {[%emt 0:01:36]} Qc5 {[%emt 0:07:08]} 10. b4 {[%emt 0:25:43]} Qh5 {[%emt 0:00:13]} 11. e5 {[%emt 0:08:29]} Ne4 {[%emt 0:06:16]} 12. Qd3 {[%emt 0:27:17]} Qf5 {[%emt 0:03:50]} 13. g3 {[%emt 0:03:42]} Ba6 {[%emt 0:01:12]} 14. Nh4 {[%emt 0:07:02]} Qe6 {[%emt 0:01:40]} 15. Qxe4 {[%emt 0:00:11]} d5 {[%emt 0:00:09]} 16. Qe3 {[%emt 0:00:42]} dxc4 {[%emt 0:04:55]} 17. Nf3 {[%emt 0:00:56]} f6 {[%emt 0:06:29]} 18. Bg2 {[%emt 0:02:14]} g5 {[%emt 0:02:48]} 19. Qc5 {[%emt 0:03:39]} gxf4 {[%emt 0:03:59]} 20. b5 {[%emt 0:01:00]} Bb7 {[%emt 0:04:16]} 21. bxc6 {[%emt 0:00:48]} Qxc6 {[%emt 0:00:07]} 22. Qxc6 {[%emt 0:01:03]} Bxc6 {[%emt 0:00:02]} 23. e6 {[%emt 0:00:51]} f5 {[%emt 0:00:31]} 24. Rc1 {[%emt 0:00:26]} Rad8 {[%emt 0:03:25]} 25. O-O {[%emt 0:00:26]} Rd3 {[%emt 0:00:14]} 26. Ne1 {[%emt 0:00:45]} f3 {[%emt 0:01:30]} 27. Bh1 {[%emt 0:00:26]} Rfd8 {[%emt 0:03:45]} 28. Nxd3 {[%emt 0:00:26]} cxd3 {[%emt 0:00:06]} 29. c4 {[%emt 0:00:39]} d2 {[%emt 0:00:54]} 30. Rcd1 {[%emt 0:00:36]} Bc3 {[%emt 0:01:57]} 31. h3 {[%emt 0:00:27]} h5 {[%emt 0:00:53]} 32. Kh2 {[%emt 0:00:38]} Kg7 {[%emt 0:00:10]} 33. Rb1 {[%emt 0:00:13]} Be4 {[%emt 0:00:53]} 34. Rb3 {[%emt 0:00:13]} d1=Q {[%emt 0:00:46]} 35. Rxd1 {[%emt 0:00:54]} Rxd1 {[%emt 0:00:02]} 36. Rxc3 {[%emt 0:00:27]} Rf1 {[%emt 0:00:05]} 37. g4 {[%emt 0:00:19]} hxg4 {[%emt 0:02:14]} 38. hxg4 {[%emt 0:00:02]} fxg4 {[%emt 0:00:16]} 39. c5 {[%emt 0:00:29]} Bc6 {[%emt 0:02:07]} 40. Rc4 {[%emt 0:00:20]} g3+ {[%emt 0:00:09]} 41. Kxg3 {[%emt 0:00:10]} Rxh1 {[%emt 0:00:07]} 42. Rf4 {[%emt 0:00:02]} Rg1+ {[%emt 0:02:03]} 43. Kh3 {[%emt 0:00:05]} Kh6 {[%emt 0:00:17]} 44. Rh4+ {[%emt 0:01:11]} Kg5 {[%emt 0:00:25]} 45. Rd4 {[%emt 0:00:07]} Kf5 {[%emt 0:00:23]} 46. Rd7 {[%emt 0:00:20]} Bxd7 {[%emt 0:00:24]} 47. exd7 {[%emt 0:00:06]} Rg8 {[%emt 0:00:07]} 48. c6 {[%emt 0:00:24]} Ke6 {[%emt 0:00:05]} 49. c7 {[%emt 0:00:05]} Kxd7 {[%emt 0:00:04]} 0-1

[Event "V. Korchnoi Memorial 2019"]
[Site "St. Petersburg"]
[Date "2019.08.21"]
[Round "8.9"]
[White "Fakhrutdinov, Timur"]
[Black "Ovchinnikov, Vsevolod"]
[Result "1-0"]
[WhiteElo "2499"]
[BlackElo "2316"]
[Annotator "ChessBase"]
[PlyCount "133"]
[EventDate "2019.08.13"]
[EventType "swiss"]
[EventCountry "RUS"]
[SourceTitle "playchess.com"]
[Source "ChessBase"]
[SourceQuality "1"]
[TimeControl "5400+30"]

1. e4 {[%emt 0:00:00]} e6 {[%emt 0:01:18]} 2. d4 {[%emt 0:00:00]} d5 {[%emt 0:00:13]} 3. Nc3 {[%emt 0:00:00]} Bb4 {[%emt 0:00:11]} 4. e5 {[%emt 0:00:00]} b6 {[%emt 0:00:07]} 5. a3 {[%emt 0:00:16]} Bf8 {[%emt 0:00:07]} 6. Bb5+ {[%emt 0:00:13]} Bd7 {[%emt 0:00:18]} 7. Bd3 {[%emt 0:00:13]} c5 {[%emt 0:00:13]} 8. Nf3 {[%emt 0:00:22]} Nc6 {[%emt 0:01:26]} 9. O-O {[%emt 0:00:07]} a6 {[%emt 0:08:25]} 10. b3 {[%emt 0:00:13]} cxd4 {[%emt 0:16:10]} 11. Ne2 {[%emt 0:00:11]} Qc7 {[%emt 0:00:35]} 12. Bf4 {[%emt 0:02:14]} Nge7 {[%emt 0:01:15]} 13. Nexd4 {[%emt 0:04:44]} Ng6 {[%emt 0:06:37]} 14. Bg3 {[%emt 0:01:17]} Nxd4 {[%emt 0:03:11]} 15. Nxd4 {[%emt 0:00:07]} Bc5 {[%emt 0:01:12]} 16. Nf3 {[%emt 0:10:13]} b5 {[%emt 0:10:40]} 17. Ng5 {[%emt 0:20:59]} Nf8 {[%emt 0:03:52]} 18. Qg4 {[%emt 0:06:07]} Bc6 {[%emt 0:03:34]} 19. Nf3 {[%emt 0:21:21]} g6 {[%emt 0:02:28]} 20. b4 {[%emt 0:01:25]} Bb6 {[%emt 0:02:25]} 21. Bh4 {[%emt 0:03:09]} h6 {[%emt 0:11:57]} 22. Bf6 {[%emt 0:02:13]} Rg8 {[%emt 0:05:05]} 23. Qh4 {[%emt 0:02:14]} Nd7 {[%emt 0:01:34]} 24. Qxh6 {[%emt 0:01:48]} Nxf6 {[%emt 0:00:05]} 25. exf6 {[%emt 0:00:07]} O-O-O {[%emt 0:00:11]} 26. Qg5 {[%emt 0:04:52]} Rh8 {[%emt 0:00:39]} 27. Qe5 {[%emt 0:03:36]} d4 {[%emt 0:04:06]} 28. Rfe1 {[%emt 0:01:16]} Bxf3 {[%emt 0:01:59]} 29. gxf3 {[%emt 0:00:37]} Rd5 {[%emt 0:00:21]} 30. Qxc7+ {[%emt 0:07:06]} Bxc7 {[%emt 0:00:01]} 31. a4 {[%emt 0:01:22]} Bxh2+ {[%emt 0:10:05]} 32. Kf1 {[%emt 0:00:30]} Bd6 {[%emt 0:01:56]} 33. Be4 {[%emt 0:04:22]} Rh1+ {[%emt 0:02:51]} 34. Ke2 {[%emt 0:00:12]} Rxe1+ {[%emt 0:00:04]} 35. Rxe1 {[%emt 0:00:09]} Rh5 {[%emt 0:00:02]} 36. axb5 {[%emt 0:01:27]} Rxb5 {[%emt 0:01:47]} 37. Rh1 {[%emt 0:00:16]} Rh5 {[%emt 0:00:53]} 38. Ra1 {[%emt 0:00:06]} Be5 {[%emt 0:00:26]} 39. Rxa6 {[%emt 0:01:18]} Bxf6 {[%emt 0:00:02]} 40. Ra8+ {[%emt 0:01:10]} Kc7 {[%emt 0:01:03]} 41. Ra7+ {[%emt 0:00:25]} Kd6 {[%emt 0:00:30]} 42. Rxf7 {[%emt 0:01:38]} Be7 {[%emt 0:00:02]} 43. Kd3 {[%emt 0:00:07]} Rb5 {[%emt 0:00:58]} 44. Kc4 {[%emt 0:00:12]} Rb8 {[%emt 0:00:02]} 45. Bxg6 {[%emt 0:01:24]} Bh4 {[%emt 0:00:50]} 46. Be4 {[%emt 0:00:39]} Bxf2 {[%emt 0:00:05]} 47. b5 {[%emt 0:00:12]} Be3 {[%emt 0:00:50]} 48. Bc6 {[%emt 0:00:56]} e5 {[%emt 0:00:42]} 49. Rf6+ {[%emt 0:00:31]} Ke7 {[%emt 0:00:15]} 50. Rg6 {[%emt 0:00:07]} Kf7 {[%emt 0:00:40]} 51. Rd6 {[%emt 0:00:05]} Ke7 {[%emt 0:00:13]} 52. Kd5 {[%emt 0:00:35]} Bf4 {[%emt 0:00:48]} 53. Rd7+ {[%emt 0:00:04]} Kf6 {[%emt 0:00:04]} 54. Bb7 {[%emt 0:01:27]} Rh8 {[%emt 0:01:02]} 55. Kc5 {[%emt 0:00:40]} Be3 {[%emt 0:00:24]} 56. Kc4 {[%emt 0:00:30]} Rh1 {[%emt 0:00:25]} 57. Be4 {[%emt 0:00:32]} Rb1 {[%emt 0:00:27]} 58. Rd6+ {[%emt 0:00:11]} Ke7 {[%emt 0:00:16]} 59. Ra6 {[%emt 0:00:19]} Kd7 {[%emt 0:00:49]} 60. Bd3 {[%emt 0:00:24]} Bg5 {[%emt 0:00:37]} 61. Kd5 {[%emt 0:00:11]} Bf4 {[%emt 0:00:34]} 62. Ra7+ {[%emt 0:00:06]} Ke8 {[%emt 0:00:28]} 63. Kc6 {[%emt 0:00:15]} Kd8 {[%emt 0:00:30]} 64. b6 {[%emt 0:00:56]} Rb2 {[%emt 0:00:33]} 65. Rd7+ {[%emt 0:01:27]} Ke8 {[%emt 0:00:01]} 66. Bg6+ {[%emt 0:00:08]} Kf8 {[%emt 0:00:03]} 67. Be4 {[%emt 0:00:15]} 1-0

[Event "V. Korchnoi Memorial 2019"]
[Site "St. Petersburg"]
[Date "2019.08.21"]
[Round "8.10"]
[White "Chigaev, Maksim"]
[Black "Badelka, Olga"]
[Result "1-0"]
[WhiteElo "2643"]
[BlackElo "2402"]
[Annotator "TA"]
[PlyCount "113"]
[EventDate "2019.08.13"]
[EventType "swiss"]
[EventCountry "RUS"]
[SourceTitle "playchess.com"]
[Source "ChessBase"]
[SourceQuality "1"]

{[%evp 9,113,12,35,35,33,39,45,25,36,24,29,27,28,43,34,39,52,28,31,19,29,8,31,39,41,37,35,0,-5,-37,0,-7,19,10,47,43,120,105,103,119,106,45,79,62,83,95,97,101,137,131,135,145,144,141,158,166,170,173,151,48,41,56,67,50,87,90,97,43,56,54,58,58,77,34,91,103,101,100,101,95,129,134,150,156,157,157,182,180,252,241,254,245,300,298,271,264,315,291,331,324,394,393,487,480,453,438]} 1. e4 c5 2. Nf3 Nc6 3. Bb5 e6 4. Bxc6 bxc6 5. b3 d6 6. e5 {B30: Sicilian: 2...Nc6 3 Bb5, lines without ...g6} Ne7 $146 ({Predecessor:} 6... dxe5 7. Nxe5 Qd5 8. Nf3 Qe4+ 9. Kf1 e5 10. d3 Qg4 11. Nbd2 f6 12. Ne4 Be6 13. Qe2 Rd8 {1-0 (41) Popov,I (2599)-Kryakvin,D (2583) Sochi 2017}) 7. exd6 Ng6 8. Nc3 {White is slightly better.} Bxd6 9. Ne4 Be7 10. d3 O-O 11. O-O f5 12. Ned2 Bf6 13. Ba3 Re8 14. Rb1 e5 {Black wants to play ...e4.} 15. Nc4 Qd5 16. Ne3 Qd6 17. Nd2 $36 {[%mdl 2048] White fights for an advantage.} Be6 18. g4 fxg4 19. Ne4 Qd8 20. Nxg4 Bg5 21. Bxc5 Bf4 {...Qh4 is the strong threat.} 22. f3 h5 ({Black should play} 22... Qh4 $14 23. Qe2 a5) 23. Ne3 $1 $16 Bh3 24. Rf2 Re6 25. Nf1 (25. Ng2 $16) 25... Ne7 26. Kh1 Rg6 27. Ne3 {[%cal Bf1e3,Be3g2,Bg2h4][%mdl 32]} Nd5 28. Qe2 Qh4 29. Ng2 Qd8 {[#] and if ...Bxh2! works, Black does fine.} 30. Rg1 $1 Bh6 31. Qe1 Qc8 32. Nh4 Rxg1+ 33. Qxg1 Qe6 34. Ng5 (34. Re2 $16) 34... Bxg5 $14 35. Qxg5 Nf4 36. Rd2 Qf6 37. Qxf6 gxf6 38. Rd1 (38. Kg1 $16) 38... Kf7 39. Be3 Nd5 40. Bd2 $1 Rb8 41. Rg1 Nb4 ({Black should try} 41... c5 $14) 42. Bxb4 $16 Rxb4 {[%mdl 4096] Endgame [#] KRB-KRN} 43. Ng2 $1 a6 44. Re1 Bf5 45. Kg1 Rb8 46. Kf2 Rg8 47. h4 Rb8 48. f4 Re8 (48... exf4 $142 49. Nxf4 Rb5) 49. fxe5 fxe5 50. Ne3 Be6 51. Rg1 Kf6 52. Rg5 Rh8 53. Nf1 Bf5 54. Ng3 Bg6 55. Ke3 Rh7 56. Ne4+ Bxe4 57. Kxe4 {Accuracy: White = 74%, Black = 44%.} 1-0

[Event "V. Korchnoi Memorial 2019"]
[Site "St. Petersburg"]
[Date "2019.08.22"]
[Round "9.1"]
[White "Kamsky, Gata"]
[Black "Sichinava, Zviad"]
[Result "1-0"]
[WhiteElo "2673"]
[BlackElo "2257"]
[Annotator "ChessBase"]
[PlyCount "78"]
[EventDate "2019.08.13"]
[EventType "swiss"]
[EventCountry "RUS"]
[SourceTitle "playchess.com"]
[Source "ChessBase"]
[SourceQuality "1"]
[TimeControl "5400+30"]

1. d4 {[%emt 0:00:00]} Nf6 {[%emt 0:00:00]} 2. Nf3 {[%emt 0:00:00]} g6 {[%emt 0:00:22]} 3. Bg5 {[%emt 0:00:00]} Bg7 {[%emt 0:01:16]} 4. c3 {[%emt 0:00:28]} h6 {[%emt 0:00:54]} 5. Bh4 {[%emt 0:00:07]} g5 {[%emt 0:01:35]} 6. Bg3 {[%emt 0:00:07]} d6 {[%emt 0:00:05]} 7. h3 {[%emt 0:03:20]} O-O {[%emt 0:01:58]} 8. Nbd2 {[%emt 0:01:09]} Bf5 {[%emt 0:00:11]} 9. e3 {[%emt 0:00:34]} Nbd7 {[%emt 0:10:44]} 10. Be2 {[%emt 0:02:15]} c5 {[%emt 0:00:33]} 11. O-O {[%emt 0:00:28]} Bg6 {[%emt 0:04:37]} 12. a4 {[%emt 0:02:46]} cxd4 {[%emt 0:02:37]} 13. exd4 {[%emt 0:00:29]} Nh5 {[%emt 0:01:08]} 14. Bh2 {[%emt 0:02:21]} Nf4 {[%emt 0:00:13]} 15. Re1 {[%emt 0:15:12]} Nxe2+ {[%emt 0:08:22]} 16. Qxe2 {[%emt 0:00:06]} Re8 {[%emt 0:05:32]} 17. Qb5 {[%emt 0:18:27]} Qc7 {[%emt 0:02:23]} 18. Rad1 {[%emt 0:10:32]} Qc6 {[%emt 0:04:16]} 19. Qb3 {[%emt 0:08:14]} Nb6 {[%emt 0:01:48]} 20. a5 {[%emt 0:00:13]} Nd5 {[%emt 0:00:06]} 21. c4 {[%emt 0:01:35]} Nf4 {[%emt 0:00:12]} 22. d5 {[%emt 0:04:23]} Qc7 {[%emt 0:04:48]} 23. Bxf4 {[%emt 0:04:40]} gxf4 {[%emt 0:00:05]} 24. Nh4 {[%emt 0:00:09]} Bh5 {[%emt 0:04:08]} 25. Ra1 {[%emt 0:00:30]} Bf6 {[%emt 0:07:22]} 26. Ndf3 {[%emt 0:01:42]} b6 {[%emt 0:15:04]} 27. Re4 {[%emt 0:02:44]} bxa5 {[%emt 0:01:16]} 28. Rxf4 {[%emt 0:01:46]} Reb8 {[%emt 0:00:30]} 29. Qd3 {[%emt 0:03:23]} Bg5 {[%emt 0:09:48]} 30. Nxg5 {[%emt 0:00:30]} hxg5 {[%emt 0:00:30]} 31. Qg3 {[%emt 0:03:19]} f6 {[%emt 0:00:00]} 32. Re4 {[%emt 0:00:50]} a4 {[%emt 0:07:11]} 33. Nf5 {[%emt 0:02:10]} e5 {[%emt 0:00:22]} 34. dxe6 {[%emt 0:00:17]} Bg6 {[%emt 0:00:01]} 35. Qf3 {[%emt 0:02:12]} Rb3 {[%emt 0:01:26]} 36. Re3 {[%emt 0:01:02]} Re8 {[%emt 0:00:10]} 37. Rxb3 {[%emt 0:03:08]} axb3 {[%emt 0:00:05]} 38. Nd4 {[%emt 0:00:44]} Qc5 {[%emt 0:01:42]} 39. Qxf6 {[%emt 0:00:12]} Qe5 {[%emt 0:00:03]} 1-0

[Event "V. Korchnoi Memorial 2019"]
[Site "St. Petersburg"]
[Date "2019.08.22"]
[Round "9.2"]
[White "Zvjaginsev, Vadim"]
[Black "Vokhidov, Shamsiddin"]
[Result "1-0"]
[WhiteElo "2639"]
[BlackElo "2512"]
[Annotator "ChessBase"]
[PlyCount "73"]
[EventDate "2019.08.13"]
[EventType "swiss"]
[EventCountry "RUS"]
[SourceTitle "playchess.com"]
[Source "ChessBase"]
[SourceQuality "1"]
[TimeControl "5400+30"]

1. d4 {[%emt 0:02:33]} Nf6 {[%emt 0:00:00]} 2. Nf3 {[%emt 0:00:12]} d5 {[%emt 0:00:35]} 3. c4 {[%emt 0:00:09]} e6 {[%emt 0:00:30]} 4. e3 {[%emt 0:00:30]} b6 {[%emt 0:00:30]} 5. Nc3 {[%emt 0:00:30]} Bb7 {[%emt 0:00:30]} 6. cxd5 {[%emt 1:29:06]} exd5 {[%emt 0:09:08]} 7. Bb5+ {[%emt 0:00:00]} c6 {[%emt 0:01:53]} 8. Bd3 {[%emt 0:00:00]} Be7 {[%emt 0:00:30]} 9. O-O {[%emt 0:00:00]} O-O {[%emt 0:00:05]} 10. b3 {[%emt 0:00:00]} Nbd7 {[%emt 0:04:50]} 11. Bb2 {[%emt 0:00:00]} Bd6 {[%emt 0:01:19]} 12. Rc1 {[%emt 0:00:00]} Re8 {[%emt 0:00:25]} 13. Qc2 {[%emt 0:00:00]} Qe7 {[%emt 0:03:22]} 14. Bf5 {[%emt 0:00:00]} g6 {[%emt 0:03:43]} 15. Bh3 {[%emt 0:00:00]} Rad8 {[%emt 0:07:55]} 16. Ne2 {[%emt 0:00:00]} Ne4 {[%emt 0:04:38]} 17. Bxd7 {[%emt 0:00:00]} Rxd7 {[%emt 0:01:53]} 18. Ne5 {[%emt 0:00:00]} Rc7 {[%emt 0:00:17]} 19. f3 {[%emt 0:00:00]} Ng5 {[%emt 0:05:03]} 20. h4 {[%emt 0:00:00]} Ne6 {[%emt 0:04:14]} 21. h5 {[%emt 0:00:00]} Qg5 {[%emt 0:03:31]} 22. f4 {[%emt 0:00:00]} Qxh5 {[%emt 0:00:39]} 23. f5 {[%emt 0:00:00]} Ng7 {[%emt 0:00:36]} 24. fxg6 {[%emt 0:00:00]} hxg6 {[%emt 0:02:20]} 25. Nf4 {[%emt 0:00:00]} Qg5 {[%emt 0:01:51]} 26. Rf3 {[%emt 0:00:00]} Bc8 {[%emt 0:00:33]} 27. Qf2 {[%emt 0:00:00]} Bf5 {[%emt 0:08:24]} 28. Rf1 {[%emt 0:00:00]} Bxe5 {[%emt 0:06:14]} 29. dxe5 {[%emt 0:00:00]} Bg4 {[%emt 0:00:40]} 30. Rg3 {[%emt 0:00:00]} Nf5 {[%emt 0:01:51]} 31. Qf3 {[%emt 0:00:00]} Bxf3 {[%emt 0:03:11]} 32. Rxg5 {[%emt 0:00:00]} Be4 {[%emt 0:00:07]} 33. e6 {[%emt 0:00:00]} Kh7 {[%emt 0:01:46]} 34. Kf2 {[%emt 0:00:00]} fxe6 {[%emt 0:01:34]} 35. Rxf5 {[%emt 0:00:00]} Kg8 {[%emt 0:01:40]} 36. Rh1 {[%emt 0:00:00]} e5 {[%emt 0:01:13]} 37. Rxe5 {[%emt 0:00:00]} 1-0

[Event "V. Korchnoi Memorial 2019"]
[Site "St. Petersburg"]
[Date "2019.08.22"]
[Round "9.3"]
[White "Lobanov, Sergei"]
[Black "Lintchevski, Daniil"]
[Result "1/2-1/2"]
[WhiteElo "2495"]
[BlackElo "2538"]
[Annotator "ChessBase"]
[PlyCount "81"]
[EventDate "2019.08.13"]
[EventType "swiss"]
[EventCountry "RUS"]
[SourceTitle "playchess.com"]
[Source "ChessBase"]
[SourceQuality "1"]
[TimeControl "5400+30"]

1. e4 {[%emt 0:01:38]} c5 {[%emt 0:00:22]} 2. Nf3 {[%emt 0:00:05]} Nc6 {[%emt 0:00:05]} 3. d4 {[%emt 0:00:04]} cxd4 {[%emt 0:00:07]} 4. Nxd4 {[%emt 0:00:03]} Nf6 {[%emt 0:00:09]} 5. Nc3 {[%emt 0:00:03]} e5 {[%emt 0:00:31]} 6. Ndb5 {[%emt 0:00:06]} d6 {[%emt 0:00:04]} 7. Nd5 {[%emt 0:00:05]} Nxd5 {[%emt 0:00:05]} 8. exd5 {[%emt 0:00:05]} Ne7 {[%emt 0:00:05]} 9. c4 {[%emt 0:00:10]} Ng6 {[%emt 0:00:14]} 10. Qa4 {[%emt 0:00:08]} Bd7 {[%emt 0:00:05]} 11. Qb4 {[%emt 0:00:07]} Qb8 {[%emt 0:00:03]} 12. h4 {[%emt 0:00:10]} h5 {[%emt 0:00:01]} 13. Be2 {[%emt 0:00:05]} a6 {[%emt 0:01:47]} 14. Nc3 {[%emt 0:00:05]} Ne7 {[%emt 0:00:05]} 15. a4 {[%emt 0:07:42]} Nf5 {[%emt 0:10:44]} 16. a5 {[%emt 0:00:06]} Be7 {[%emt 0:01:01]} 17. Na4 {[%emt 0:02:21]} Bxa4 {[%emt 0:01:55]} 18. Qxa4+ {[%emt 0:01:01]} Kf8 {[%emt 0:00:01]} 19. g3 {[%emt 0:01:36]} Nd4 {[%emt 0:03:11]} 20. Bd3 {[%emt 0:04:02]} Qc8 {[%emt 0:07:33]} 21. Be3 {[%emt 0:02:07]} Qg4 {[%emt 0:02:50]} 22. Qd1 {[%emt 0:02:17]} Qd7 {[%emt 0:02:50]} 23. O-O {[%emt 0:02:29]} g6 {[%emt 0:05:29]} 24. Kg2 {[%emt 0:02:29]} Kg7 {[%emt 0:02:00]} 25. Bxd4 {[%emt 0:11:44]} exd4 {[%emt 0:00:05]} 26. b4 {[%emt 0:04:59]} Rac8 {[%emt 0:00:49]} 27. Qf3 {[%emt 0:01:18]} Rc7 {[%emt 0:00:40]} 28. Rfc1 {[%emt 0:04:16]} Rhc8 {[%emt 0:02:55]} 29. Ra2 {[%emt 0:00:09]} Bf6 {[%emt 0:02:34]} 30. Be2 {[%emt 0:01:41]} Qe8 {[%emt 0:04:09]} 31. Qd3 {[%emt 0:00:30]} Kg8 {[%emt 0:02:07]} 32. Bf3 {[%emt 0:00:55]} Bg7 {[%emt 0:02:12]} 33. Rb2 {[%emt 0:05:10]} Qd7 {[%emt 0:07:20]} 34. Rbc2 {[%emt 0:01:33]} Qa4 {[%emt 0:01:45]} 35. Rb1 {[%emt 0:00:51]} Qd7 {[%emt 0:00:48]} 36. Rb3 {[%emt 0:02:33]} Qe7 {[%emt 0:01:26]} 37. Rb1 {[%emt 0:02:43]} Qd7 {[%emt 0:01:25]} 38. Qb3 {[%emt 0:05:26]} Bf8 {[%emt 0:02:27]} 39. Rd1 {[%emt 0:01:38]} Bg7 {[%emt 0:00:05]} 40. Rb1 {[%emt 0:01:00]} Bf8 {[%emt 0:00:07]} 41. Rd1 {[%emt 0:00:36]} 1/2-1/2

[Event "V. Korchnoi Memorial 2019"]
[Site "St. Petersburg"]
[Date "2019.08.22"]
[Round "9.4"]
[White "Hamitevici, Vladimir"]
[Black "Iljiushenok, Ilia"]
[Result "1/2-1/2"]
[WhiteElo "2480"]
[BlackElo "2533"]
[Annotator "ChessBase"]
[PlyCount "84"]
[EventDate "2019.08.13"]
[EventType "swiss"]
[EventCountry "RUS"]
[SourceTitle "playchess.com"]
[Source "ChessBase"]
[SourceQuality "1"]
[TimeControl "5400+30"]

1. g3 {[%emt 0:04:13]} Nf6 {[%emt 0:00:19]} 2. Nf3 {[%emt 0:03:54]} g6 {[%emt 0:00:16]} 3. Bg2 {[%emt 0:05:06]} Bg7 {[%emt 0:00:05]} 4. O-O {[%emt 0:00:04]} O-O {[%emt 0:00:03]} 5. d4 {[%emt 0:00:03]} d6 {[%emt 0:00:05]} 6. c4 {[%emt 0:00:04]} Nc6 {[%emt 0:00:30]} 7. Nc3 {[%emt 0:00:22]} Rb8 {[%emt 0:02:05]} 8. b3 {[%emt 0:02:19]} a6 {[%emt 0:02:08]} 9. Bb2 {[%emt 0:05:29]} b5 {[%emt 0:04:49]} 10. Ne1 {[%emt 0:01:11]} Bd7 {[%emt 0:05:14]} 11. c5 {[%emt 0:01:19]} e6 {[%emt 0:09:09]} 12. Rc1 {[%emt 0:03:31]} Ne7 {[%emt 0:08:34]} 13. Nd3 {[%emt 0:05:40]} b4 {[%emt 0:08:24]} 14. Nb1 {[%emt 0:01:31]} d5 {[%emt 0:07:53]} 15. Ne5 {[%emt 0:04:59]} Bb5 {[%emt 0:02:31]} 16. a4 {[%emt 0:00:27]} bxa3 {[%emt 0:00:52]} 17. Nxa3 {[%emt 0:00:07]} Nd7 {[%emt 0:02:10]} 18. Nf3 {[%emt 0:03:18]} c6 {[%emt 0:02:02]} 19. Bc3 {[%emt 0:04:31]} Qc7 {[%emt 0:06:11]} 20. Qd2 {[%emt 0:01:58]} Nf6 {[%emt 0:01:57]} 21. Ba5 {[%emt 0:01:10]} Qb7 {[%emt 0:00:01]} 22. Rfd1 {[%emt 0:12:28]} Nf5 {[%emt 0:03:00]} 23. e3 {[%emt 0:02:58]} h5 {[%emt 0:00:07]} 24. Ra1 {[%emt 0:02:41]} h4 {[%emt 0:03:17]} 25. Qe1 {[%emt 0:16:27]} hxg3 {[%emt 0:06:47]} 26. hxg3 {[%emt 0:00:01]} Ng4 {[%emt 0:00:08]} 27. Bh3 {[%emt 0:01:40]} Nf6 {[%emt 0:00:02]} 28. Ra2 {[%emt 0:07:58]} Ra8 {[%emt 0:00:52]} 29. Bg2 {[%emt 0:04:31]} Nd7 {[%emt 0:01:21]} 30. Bh3 {[%emt 0:00:30]} Nf6 {[%emt 0:00:56]} 31. Kg2 {[%emt 0:00:16]} Rfe8 {[%emt 0:00:33]} 32. Qh1 {[%emt 0:00:49]} Ne4 {[%emt 0:00:41]} 33. Qe1 {[%emt 0:00:46]} Bf6 {[%emt 0:02:50]} 34. Bb6 {[%emt 0:00:56]} Kg7 {[%emt 0:03:05]} 35. Nxb5 {[%emt 0:00:12]} cxb5 {[%emt 0:01:26]} 36. Rda1 {[%emt 0:00:56]} Rh8 {[%emt 0:00:09]} 37. Qa5 {[%emt 0:01:49]} Rhc8 {[%emt 0:03:54]} 38. Rh1 {[%emt 0:01:03]} Ne7 {[%emt 0:00:15]} 39. Qe1 {[%emt 0:01:26]} Nc6 {[%emt 0:00:01]} 40. Ng1 {[%emt 0:00:34]} Bd8 {[%emt 0:00:51]} 41. Bxd8 {[%emt 0:00:06]} Rxd8 {[%emt 0:00:01]} 42. f3 {[%emt 0:00:33]} Nf6 {[%emt 0:00:13]} 1/2-1/2

[Event "V. Korchnoi Memorial 2019"]
[Site "St. Petersburg"]
[Date "2019.08.22"]
[Round "9.5"]
[White "Chigaev, Maksim"]
[Black "Yatzenko, Anton"]
[Result "1-0"]
[WhiteElo "2643"]
[BlackElo "2360"]
[Annotator "ChessBase"]
[PlyCount "69"]
[EventDate "2019.08.13"]
[EventType "swiss"]
[EventCountry "RUS"]
[SourceTitle "playchess.com"]
[Source "ChessBase"]
[SourceQuality "1"]
[TimeControl "5400+30"]

1. e4 {[%emt 0:00:00]} c5 {[%emt 0:00:00]} 2. Nc3 {[%emt 0:00:24]} Nc6 {[%emt 0:00:00]} 3. Nge2 {[%emt 0:00:53]} Nf6 {[%emt 0:01:07]} 4. g3 {[%emt 0:00:22]} d5 {[%emt 0:02:16]} 5. exd5 {[%emt 0:00:09]} Nxd5 {[%emt 0:00:03]} 6. Bg2 {[%emt 0:00:10]} Nc7 {[%emt 0:00:59]} 7. O-O {[%emt 0:09:07]} g6 {[%emt 0:01:04]} 8. d3 {[%emt 0:00:51]} Bg7 {[%emt 0:00:48]} 9. Ne4 {[%emt 0:00:32]} Ne6 {[%emt 0:02:39]} 10. Nf4 {[%emt 0:00:18]} Qb6 {[%emt 0:16:32]} 11. c3 {[%emt 0:15:28]} Nxf4 {[%emt 0:03:20]} 12. Bxf4 {[%emt 0:00:08]} f5 {[%emt 0:01:32]} 13. Ng5 {[%emt 0:05:01]} h6 {[%emt 0:03:34]} 14. Nf3 {[%emt 0:00:15]} Qxb2 {[%emt 0:05:24]} 15. d4 {[%emt 0:00:48]} cxd4 {[%emt 0:05:15]} 16. cxd4 {[%emt 0:00:12]} Nxd4 {[%emt 0:12:09]} 17. Rb1 {[%emt 0:05:36]} Ne2+ {[%emt 0:03:02]} 18. Kh1 {[%emt 0:00:26]} Nc3 {[%emt 0:08:39]} 19. Rxb2 {[%emt 0:00:36]} Nxd1 {[%emt 0:00:03]} 20. Rc2 {[%emt 0:00:44]} Nc3 {[%emt 0:00:02]} 21. Rfc1 {[%emt 0:06:41]} Bd7 {[%emt 0:00:51]} 22. Rxc3 {[%emt 0:03:38]} Bxc3 {[%emt 0:00:04]} 23. Rxc3 {[%emt 0:00:08]} Rc8 {[%emt 0:00:38]} 24. Rxc8+ {[%emt 0:00:31]} Bxc8 {[%emt 0:00:02]} 25. Ne5 {[%emt 0:00:10]} g5 {[%emt 0:02:17]} 26. Be3 {[%emt 0:00:13]} Be6 {[%emt 0:03:37]} 27. Bxb7 {[%emt 0:08:38]} Bxa2 {[%emt 0:00:26]} 28. Bxa7 {[%emt 0:00:16]} O-O {[%emt 0:02:04]} 29. Kg1 {[%emt 0:19:06]} Rd8 {[%emt 0:01:23]} 30. Bf3 {[%emt 0:00:20]} Bd5 {[%emt 0:01:55]} 31. Bb6 {[%emt 0:01:56]} Rd6 {[%emt 0:03:56]} 32. Bc7 {[%emt 0:00:32]} Rd7 {[%emt 0:00:05]} 33. Nxd7 {[%emt 0:00:07]} Bxf3 {[%emt 0:00:03]} 34. Ne5 {[%emt 0:00:12]} Bd5 {[%emt 0:00:05]} 35. Bd8 {[%emt 0:00:29]} 1-0